| Tag |
First Indicator |
Second Indicator |
Subfields |
| LEADER |
00000cam a2200000 i 4500 |
| 001 |
in00000046578 |
| 005 |
20200328063041.0 |
| 008 |
790330s1965 ho c 00100 eng d |
| 035 |
|
|
|a (OCoLC)04802432
|
| 035 |
|
|
|9 AAE9450AM
|
| 040 |
|
|
|a SEA
|c SEA
|d TXA
|d UtOrBLW
|
| 049 |
|
|
|a TXAM
|c [473259]
|
| 090 |
|
|
|a QK495.O64
|b W528
|
| 092 |
|
|
|a 584.15
|b W724o, 1965
|
| 100 |
1 |
|
|a Williams, Louis O.,
|d 1908-1991.
|
| 245 |
1 |
4 |
|a The orchidaceae of Mexico /
|c edited by Abdul Bari Awan.
|
| 264 |
|
1 |
|a Tegucigalpa, Honduras :
|b Escuela Agricola Panamericana,
|c 1965.
|
| 300 |
|
|
|a 321 pages :
|b portrait
|
| 336 |
|
|
|a text
|b txt
|2 rdacontent
|
| 337 |
|
|
|a unmediated
|b n
|2 rdamedia
|
| 338 |
|
|
|a volume
|b nc
|2 rdacarrier
|
| 650 |
|
0 |
|a Orchids
|z Mexico.
|
| 999 |
|
|
|a MARS
|
| 999 |
f |
f |
|s 32ae459c-8288-31a8-a8df-f36d5c86589d
|i 295a9ceb-ad0f-3ea5-8018-13b8b28c8a76
|t 0
|
| 952 |
f |
f |
|p ric
|a Texas A&M University
|b Rellis Campus
|c Joint Library Facility
|d Remote Storage
|t 0
|e QK495.O64 W528
|h Library of Congress classification
|i unmediated -- volume
|m A14800996656
|
| 998 |
f |
f |
|a QK495.O64 W528
|t 0
|l Remote Storage
|